| 000 | 00644nam a22002177a 4500 | ||
|---|---|---|---|
| 003 | OSt | ||
| 005 | 20251106063301.0 | ||
| 008 | 251106b |||||||| |||| 00| 0 eng d | ||
| 020 | _a81-309-0220-6. | ||
| 040 |
_aDWCL-Main lib _cOC |
||
| 082 | _aCirc. 658.3 K39g 2006 | ||
| 100 | _aKermally, Sultan | ||
| 245 |
_aGurus on managing people _cKermally, Sultan |
||
| 260 |
_aNew Delhi : _bViva Books Private Limited, _cc2006. |
||
| 300 |
_a153 pages ; _c21 cm. |
||
| 504 | _aIncludes bibliographical references. | ||
| 650 | _21. Leadership. | ||
| 650 | _22. Management. | ||
| 650 | _23. Personnel Management. | ||
| 942 |
_2ddc _cBK-CIRC _kCirc. _n0 |
||
| 999 |
_c5599 _d5599 |
||